| 000 | 00988aam a2200373 4500 | ||
|---|---|---|---|
| 005 | 20250721132014.0 | ||
| 008 | 150413b1996 xxu||||| |||| 00| 0 spa d | ||
| 020 | _a8449302447 | ||
| 041 | _aESP | ||
| 082 | _a658.409.2 AL341m | ||
| 100 |
_aAlbrecht, Karl _933250 |
||
| 245 | _aLa misión de la empresa | ||
| 260 | _aEspaña | ||
| 260 | _bPaidos | ||
| 260 | _c1996 | ||
| 300 | _a223 páginas | ||
| 490 | _aDirección y Administración de Empresas | ||
| 650 | _aLIDERAZGO EJECUTIVO | ||
| 650 | _aLIDERAZGO DE SERVICIO | ||
| 650 | _aPLANIFICACIÓN | ||
| 650 | _aPROCESO DE FORMULACIÓN DE ESTRATEGIA | ||
| 650 | _aEXPLORACIÓN ORGANIZACIONAL | ||
| 650 | _aMISION | ||
| 650 | _aVISION | ||
| 650 | _aVALORES | ||
| 650 | _aESTRATEGIA | ||
| 650 | _aCLIENTES | ||
| 650 | _aORGANIZACIONES | ||
| 650 | _aEXPLORACIÓN DE OPORTUNIDADES | ||
| 650 | _aOPORTUNIDADES Y AMANEZAS | ||
| 650 | _aVALOR DE CLIENTE | ||
| 650 | _aESTRATEGIA DEL NEGOCIO | ||
| 942 |
_cBK _2ddc |
||
| 999 |
_c4551 _d4551 |
||